Normal view
MARC view
Entry Personal Name
001 - CONTROL NUMBER
- control field: 26848
003 - CONTROL NUMBER IDENTIFIER
- control field: dpl
005 - DATE AND TIME OF LATEST TRANSACTION
- control field: 20110330143740.0
008 - FIXED-LENGTH DATA ELEMENTS
- fixed length control field: 110330|||a|||||| | ||| d
040 ## - CATALOGING SOURCE
- Original cataloging agency: dpl
- Transcribing agency: dpl
100 ## - HEADING--PERSONAL NAME
- Personal name: वाळिंबे,चित्रा
670 ## - SOURCE DATA FOUND
- Source citation: Work cat.: (dpl): शर्मा,रितेश 26818, जोकर इन द पॅक /, 2010
670 ## - SOURCE DATA FOUND
- Source citation: Work cat.: (dpl): शर्मा,रितेश 26818, जोकर इन द पॅक /, 2010
